| 000 | 00472nam a2200193Ia 4500 | ||
|---|---|---|---|
| 003 | OSt | ||
| 005 | 20240613102610.0 | ||
| 008 | 210210b xxu||||| |||| 00| 0 eng d | ||
| 040 | _cAL | ||
| 041 | _aUrdu | ||
| 082 | _a492/14 | ||
| 100 |
_aAZIZ (Mahammed Abdul) _9106947 |
||
| 245 |
_aBagh-e-Bakar-e-Azizi _bباغ ا بکر ا عزیزی |
||
| 260 | _b- | ||
| 650 |
_aBagh-e-Bakar-e-Azizi _9106948 |
||
| 690 |
_aLanguage _9106949 |
||
| 906 | _a007053 | ||
| 942 |
_2ddc _cBK |
||
| 999 |
_c141093 _d141093 |
||